00502nam a2200193 a 4500001001300000003000900013005001700022008004100039020001000080082001700090100002200107245003200129260005100161300000900212500003500221505001500256650001500271700002200286nice12345678IN_TiNIC20260116012406.0050524s0000 boma grp 000 0 urd  ac10000a297.86bKAM2 aKamaluddin, Khaja aIslam Mein Koi Firqa Naheen aBombaybDarul Ishaat Kutub Khana Islamiac0000 a112p aincludes index and biblioraphy2 aAppendices aAhmadiyyah1 aKamaluddin, Khaja